[Event "Storsjodraget 2022"]
[Site "Ostersund"]
[Date "2022.06.12"]
[Round "7"]
[Board "5"]
[White "Sandstad, Linus"]
[Black "Madebrink, Lars"]
[Result "1/2-1/2"]
[WhiteElo "1642"]
[BlackElo "2109"]
[PlyCount "0"]
[EventDate "2022.06.10"]
[EventRounds "7"]
[EventCountry "SWE"]

1. e4 {[%clk 01:30:17]} {[%emt 00:00:42]} c5 {[%clk 01:30:50]} {[%emt
00:00:10]} 2. c3 {[%clk 01:30:21]} {[%emt 00:00:27]} Nf6 {[%clk 01:30:20]}
{[%emt 00:00:59]} 3. e5 {[%clk 01:30:44]} {[%emt 00:00:07]} Nd5 {[%clk
01:30:45]} {[%emt 00:00:05]} 4. Nf3 {[%clk 01:31:02]} {[%emt 00:00:13]} e6
{[%clk 01:30:05]} {[%emt 00:01:09]} 5. d4 {[%clk 01:30:43]} {[%emt 00:00:51]}
cxd4 {[%clk 01:29:14]} {[%emt 00:01:21]} 6. cxd4 {[%clk 01:30:50]} {[%emt
00:00:23]} d6 {[%clk 01:29:15]} {[%emt 00:00:28]} 7. exd6 {[%clk 01:30:31]}
{[%emt 00:00:49]} Bxd6 {[%clk 01:29:26]} {[%emt 00:00:18]} 8. Nc3 {[%clk
01:30:23]} {[%emt 00:00:38]} Nf6 {[%clk 01:23:57]} {[%emt 00:05:59]} 9. Bd3
{[%clk 01:28:21]} {[%emt 00:02:33]} O-O {[%clk 01:24:10]} {[%emt 00:00:16]} 10.
O-O {[%clk 01:28:32]} {[%emt 00:00:19]} Nc6 {[%clk 01:24:00]} {[%emt 00:00:41]}
11. Re1 {[%clk 01:27:55]} {[%emt 00:01:07]} a6 {[%clk 01:22:35]} {[%emt
00:01:55]} 12. Bg5 {[%clk 01:26:04]} {[%emt 00:02:20]} h6 {[%clk 01:22:17]}
{[%emt 00:00:48]} 13. Bxf6 {[%clk 01:23:27]} {[%emt 00:03:08]} Qxf6 {[%clk
01:22:22]} {[%emt 00:00:24]} 14. Qe2 {[%clk 01:22:48]} {[%emt 00:01:10]} Nxd4
{[%clk 01:17:39]} {[%emt 00:05:13]} 15. Nxd4 {[%clk 01:23:16]} {[%emt
00:00:02]} Qxd4 {[%clk 01:18:02]} {[%emt 00:00:08]} 16. Rad1 {[%clk 01:23:03]}
{[%emt 00:00:43]} Qb6 {[%clk 01:16:13]} {[%emt 00:02:18]} 17. Qe4 {[%clk
01:18:56]} {[%emt 00:04:37]} g6 {[%clk 01:15:38]} {[%emt 00:01:04]} 18. Qh4
{[%clk 01:15:29]} {[%emt 00:03:58]} Qc7 {[%clk 01:04:36]} {[%emt 00:11:32]} 19.
Qxh6 {[%clk 01:09:49]} {[%emt 00:06:09]} Bf4 {[%clk 01:04:48]} {[%emt
00:00:17]} 20. Qh4 {[%clk 01:10:13]} {[%emt 00:00:07]} Kg7 {[%clk 01:04:10]}
{[%emt 00:01:08]} 21. g3 {[%clk 01:10:00]} {[%emt 00:00:44]} Be5 {[%clk
01:03:59]} {[%emt 00:00:40]} 22. Ne4 {[%clk 01:06:22]} {[%emt 00:04:09]} Rh8
{[%clk 01:03:14]} {[%emt 00:01:13]} 23. Qg5 {[%clk 01:02:58]} {[%emt 00:03:56]}
Rh5 {[%clk 01:02:28]} {[%emt 00:01:16]} 24. Qd2 {[%clk 01:02:31]} {[%emt
00:00:57]} b6 {[%clk 00:54:44]} {[%emt 00:08:14]} 25. Be2 {[%clk 01:01:50]}
{[%emt 00:01:11]} Rh8 {[%clk 00:49:37]} {[%emt 00:05:35]} 26. f4 {[%clk
01:01:20]} {[%emt 00:01:02]} Bb7 {[%clk 00:49:39]} {[%emt 00:00:28]} 27. Bf3
{[%clk 00:58:13]} {[%emt 00:03:37]} Rad8 {[%clk 00:48:56]} {[%emt 00:01:12]} 28.
Qf2 {[%clk 00:54:26]} {[%emt 00:04:17]} Bxe4 {[%clk 00:46:57]} {[%emt
00:02:29]} 29. Bxe4 {[%clk 00:52:40]} {[%emt 00:02:16]} Bf6 {[%clk 00:45:25]}
{[%emt 00:02:00]} 30. Kg2 {[%clk 00:49:20]} {[%emt 00:03:53]} Qc4 {[%clk
00:43:15]} {[%emt 00:02:39]} 31. b3 {[%clk 00:47:48]} {[%emt 00:02:03]} Qb4
{[%clk 00:43:29]} {[%emt 00:00:15]} 32. Bf3 {[%clk 00:46:00]} {[%emt 00:02:18]}
Rd4 {[%clk 00:35:25]} {[%emt 00:08:34]} 33. Rxd4 {[%clk 00:44:53]} {[%emt
00:01:38]} Bxd4 {[%clk 00:35:36]} {[%emt 00:00:18]} 34. Qe2 {[%clk 00:43:14]}
{[%emt 00:02:09]} Rc8 {[%clk 00:34:13]} {[%emt 00:01:52]} 35. Rd1 {[%clk
00:42:07]} {[%emt 00:01:39]} Bf6 {[%clk 00:28:27]} {[%emt 00:06:15]} 36. Rd7
{[%clk 00:39:00]} {[%emt 00:03:37]} Kf8 {[%clk 00:27:44]} {[%emt 00:01:12]} 37.
Bg4 {[%clk 00:37:19]} {[%emt 00:02:12]} Qc5 {[%clk 00:25:34]} {[%emt 00:02:40]}
38. Rxf7+ {[%clk 00:36:56]} {[%emt 00:00:53]} Kxf7 {[%clk 00:25:37]} {[%emt
00:00:27]} 39. Qxe6+ {[%clk 00:37:19]} {[%emt 00:00:08]} Kg7 {[%clk 00:26:01]}
{[%emt 00:00:05]} 40. Qxc8 {[%clk 00:37:34]} {[%emt 00:00:16]} Qd5+ {[%clk
00:25:00]} {[%emt 00:01:31]} 41. Kh3 {[%clk 00:36:49]} {[%emt 00:01:13]} Qh1
{[%clk 00:23:56]} {[%emt 00:01:35]} 42. Qc4 {[%clk 00:35:59]} {[%emt 00:01:20]}
b5 {[%clk 00:24:08]} {[%emt 00:00:18]} 43. Qe2 {[%clk 00:36:18]} {[%emt
00:00:11]} Qa1 {[%clk 00:24:00]} {[%emt 00:00:39]} 44. f5 {[%clk 00:35:21]}
{[%emt 00:01:27]} gxf5 {[%clk 00:23:26]} {[%emt 00:01:04]} 45. Bxf5 {[%clk
00:35:02]} {[%emt 00:00:48]} Qd4 {[%clk 00:23:35]} {[%emt 00:00:22]} 46. Qg4+
{[%clk 00:35:19]} {[%emt 00:00:13]} Qxg4+ {[%clk 00:23:38]} {[%emt 00:00:27]}
47. Kxg4 {[%clk 00:35:43]} {[%emt 00:00:06]} a5 {[%clk 00:23:55]} {[%emt
00:00:13]} 48. Bd7 {[%clk 00:35:56]} {[%emt 00:00:17]} b4 {[%clk 00:24:13]}
{[%emt 00:00:12]} 49. h4 {[%clk 00:35:57]} {[%emt 00:00:28]} Bd4 {[%clk
00:24:27]} {[%emt 00:00:16]} 50. h5 {[%clk 00:36:03]} {[%emt 00:00:24]} Kh6
{[%clk 00:24:28]} {[%emt 00:00:29]} 51. Be8 {[%clk 00:36:00]} {[%emt 00:00:34]}
Be3 {[%clk 00:24:32]} {[%emt 00:00:25]} 52. Kf5 {[%clk 00:36:07]} {[%emt
00:00:24]} Bg5 {[%clk 00:23:52]} {[%emt 00:01:09]} 53. g4 {[%clk 00:36:18]}
{[%emt 00:00:19]} Bd8 {[%clk 00:24:06]} {[%emt 00:00:17]} 54. Bd7 {[%clk
00:36:18]} {[%emt 00:00:30]} Bg5 {[%clk 00:24:22]} {[%emt 00:00:13]} 55. Ke4
{[%clk 00:36:19]} {[%emt 00:00:29]} Bf6 {[%clk 00:24:36]} {[%emt 00:00:15]} 56.
Kd5 {[%clk 00:36:33]} {[%emt 00:00:17]} Bg5 {[%clk 00:24:54]} {[%emt 00:00:12]}
57. Ke4 {[%emt 00:01:25]}  1/2-1/2

[Event "Storsjodraget 2022"]
[Site "Ostersund"]
[Date "2022.06.12"]
[Round "6"]
[Board "2"]
[White "Soderstrom, Adrian"]
[Black "Bohman Karlholm, Adrian"]
[Result "1-0"]
[WhiteElo "2278"]
[BlackElo "2089"]
[PlyCount "0"]
[EventDate "2022.06.10"]
[EventRounds "7"]
[EventCountry "SWE"]

1. d4 {[%clk 01:30:56]} {[%emt 00:00:03]} d5 {[%clk 01:30:53]} {[%emt
00:00:07]} 2. c4 {[%clk 01:31:16]} {[%emt 00:00:10]} e6 {[%clk 01:31:18]}
{[%emt 00:00:06]} 3. Nf3 {[%clk 01:31:35]} {[%emt 00:00:11]} c5 {[%clk
01:31:32]} {[%emt 00:00:16]} 4. cxd5 {[%clk 01:31:58]} {[%emt 00:00:07]} exd5
{[%clk 01:31:55]} {[%emt 00:00:06]} 5. g3 {[%clk 01:32:22]} {[%emt 00:00:06]}
Nc6 {[%clk 01:32:01]} {[%emt 00:00:24]} 6. Bg2 {[%clk 01:32:48]} {[%emt
00:00:04]} Nf6 {[%clk 01:32:22]} {[%emt 00:00:09]} 7. O-O {[%clk 01:33:15]}
{[%emt 00:00:03]} Be7 {[%clk 01:32:41]} {[%emt 00:00:11]} 8. dxc5 {[%clk
01:32:58]} {[%emt 00:00:47]} Bxc5 {[%clk 01:32:30]} {[%emt 00:00:42]} 9. Qc2
{[%clk 01:32:37]} {[%emt 00:00:51]} Be7 {[%clk 01:30:20]} {[%emt 00:02:40]} 10.
Nc3 {[%clk 01:30:30]} {[%emt 00:02:37]} O-O {[%clk 01:29:27]} {[%emt 00:01:24]}
11. Rd1 {[%clk 01:30:12]} {[%emt 00:00:47]} Be6 {[%clk 01:26:33]} {[%emt
00:03:25]} 12. e4 {[%clk 01:12:19]} {[%emt 00:18:23]} Qa5 {[%clk 01:17:28]}
{[%emt 00:09:34]} 13. exd5 {[%clk 01:06:53]} {[%emt 00:05:56]} Nb4 {[%clk
01:15:20]} {[%emt 00:02:38]} 14. Qe2 {[%clk 01:06:49]} {[%emt 00:00:34]} Nbxd5
{[%clk 00:50:06]} {[%emt 00:25:44]} 15. Nxd5 {[%clk 01:06:28]} {[%emt
00:00:51]} Nxd5 {[%clk 00:50:25]} {[%emt 00:00:11]} 16. Nd4 {[%clk 01:06:11]}
{[%emt 00:00:47]} Nc7 {[%clk 00:40:00]} {[%emt 00:10:54]} 17. Bf4 {[%clk
01:00:36]} {[%emt 00:06:05]} Bf6 {[%clk 00:38:06]} {[%emt 00:02:25]} 18. Rac1
{[%clk 00:43:29]} {[%emt 00:17:37]} Bxd4 {[%clk 00:29:13]} {[%emt 00:09:23]} 19.
Rxd4 {[%clk 00:43:06]} {[%emt 00:00:54]} Nb5 {[%clk 00:23:35]} {[%emt
00:06:08]} 20. Rd2 {[%clk 00:41:05]} {[%emt 00:02:29]} Rfe8 {[%clk 00:17:06]}
{[%emt 00:06:59]} 21. Qh5 {[%clk 00:36:36]} {[%emt 00:05:00]} Rad8 {[%clk
00:07:03]} {[%emt 00:10:33]} 22. Rxd8 {[%clk 00:20:06]} {[%emt 00:17:00]} Rxd8
{[%clk 00:07:26]} {[%emt 00:00:06]} 23. Be4 {[%clk 00:16:32]} {[%emt 00:04:05]}
g6 {[%clk 00:06:45]} {[%emt 00:01:11]} 24. Qg5 {[%clk 00:13:01]} {[%emt
00:04:01]} Qb6 {[%clk 00:04:30]} {[%emt 00:02:45]} 25. Bc7 {[%clk 00:12:06]}
{[%emt 00:01:26]} Qxc7 {[%clk 00:01:38]} {[%emt 00:03:22]} 26. Rxc7 {[%clk
00:12:21]} {[%emt 00:00:15]} Rd1+ {[%clk 00:02:01]} {[%emt 00:00:06]} 27. Kg2
{[%clk 00:12:49]} {[%emt 00:00:02]} Nxc7 {[%clk 00:02:24]} {[%emt 00:00:07]} 28.
h4 {[%clk 00:11:36]} {[%emt 00:01:44]} Nd5 {[%clk 00:01:12]} {[%emt 00:01:42]}
29. h5 {[%clk 00:10:46]} {[%emt 00:01:20]} f6 {[%clk 00:01:32]} {[%emt
00:00:09]} 30. Qh6 {[%clk 00:10:09]} {[%emt 00:01:07]} Bf5 {[%clk 00:00:44]}
{[%emt 00:01:18]} 31. Bf3 {[%clk 00:10:36]} {[%emt 00:00:03]} Rd4 {[%clk
00:00:55]} {[%emt 00:00:19]} 32. hxg6 {[%clk 00:11:00]} {[%emt 00:00:07]} hxg6
{[%clk 00:01:06]} {[%emt 00:00:18]} 33. Qc1 {[%clk 00:10:47]} {[%emt 00:00:43]}
Be6 {[%clk 00:00:36]} {[%emt 00:01:00]} 34. Qc5 {[%clk 00:09:12]} {[%emt
00:02:04]} Rd2 {[%clk 00:01:00]} {[%emt 00:00:07]} 35. Qa5 {[%clk 00:09:08]}
{[%emt 00:00:33]} Ne3+ {[%clk 00:00:35]} {[%emt 00:00:56]} 36. Kg1 {[%clk
00:09:06]} {[%emt 00:00:32]} Nc4 {[%clk 00:00:58]} {[%emt 00:00:07]} 37. Qxa7
{[%clk 00:09:09]} {[%emt 00:00:27]} Rxb2 {[%clk 00:00:59]} {[%emt 00:00:29]} 38.
Qb8+ {[%clk 00:09:08]} {[%emt 00:00:31]} Kg7 {[%clk 00:01:15]} {[%emt
00:00:14]} 39. Qc7+ {[%clk 00:09:34]} {[%emt 00:00:03]} Bf7 {[%clk 00:00:34]}
{[%emt 00:01:12]} 40. a4 {[%clk 00:07:33]} {[%emt 00:02:32]} b6 {[%clk
00:00:37]} {[%emt 00:00:26]} 41. Bd5 {[%clk 00:06:23]} {[%emt 00:01:40]} Ne5
{[%clk 00:00:54]} {[%emt 00:00:13]} 42. f4 {[%clk 00:05:22]} {[%emt 00:01:31]}
Rd2 {[%clk 00:00:37]} {[%emt 00:00:47]} 43. fxe5 {[%clk 00:05:14]} {[%emt
00:00:39]} Rxd5 {[%clk 00:01:01]} {[%emt 00:00:05]} 44. exf6+ {[%clk 00:05:41]}
{[%emt 00:00:03]} Kxf6 {[%clk 00:01:11]} {[%emt 00:00:20]} 45. Qxb6+ {[%clk
00:06:09]} {[%emt 00:00:02]} Be6 {[%clk 00:00:35]} {[%emt 00:01:05]} 46. a5
{[%clk 00:06:05]} {[%emt 00:00:34]} Rd3 {[%clk 00:00:42]} {[%emt 00:00:24]} 47.
Qb2+ {[%clk 00:06:06]} {[%emt 00:00:28]} Kg5 {[%clk 00:00:41]} {[%emt
00:00:31]} 48. Qe5+ {[%clk 00:06:35]} {[%emt 00:00:02]} Bf5 {[%clk 00:01:03]}
{[%emt 00:00:09]} 49. Qf4+ {[%clk 00:06:58]} {[%emt 00:00:07]} Kf6 {[%clk
00:01:06]} {[%emt 00:00:26]} 50. g4 {[%clk 00:06:55]} {[%emt 00:00:33]} Rd5
{[%clk 00:00:59]} {[%emt 00:00:36]} 51. a6 {[%clk 00:05:56]} {[%emt 00:01:30]}
Ra5 {[%clk 00:00:56]} {[%emt 00:00:33]} 52. Qd4+ {[%clk 00:06:03]} {[%emt
00:00:22]} Kf7 {[%clk 00:00:48]} {[%emt 00:00:39]} 53. gxf5 {[%clk 00:06:24]}
{[%emt 00:00:09]} gxf5 {[%clk 00:00:33]} {[%emt 00:00:45]} 54. a7 {[%clk
00:06:41]} {[%emt 00:00:12]}  1-0

[Event "Storsjodraget 2022"]
[Site "Ostersund"]
[Date "2022.06.12"]
[Round "7"]
[Board "6"]
[White "Bohman Karlholm, Adrian"]
[Black "Stromhaug, Kristoffer Wang"]
[Result "1/2-1/2"]
[WhiteElo "2089"]
[BlackElo "1828"]
[PlyCount "0"]
[EventDate "2022.06.10"]
[EventRounds "7"]
[EventCountry "SWE"]

1. d4 {[%clk 01:30:57]} {[%emt 00:00:01]} d5 {[%clk 01:30:42]} {[%emt
00:00:19]} 2. c4 {[%clk 01:31:21]} {[%emt 00:00:07]} c6 {[%clk 01:30:58]}
{[%emt 00:00:14]} 3. Nf3 {[%clk 01:31:22]} {[%emt 00:00:28]} Nf6 {[%clk
01:31:12]} {[%emt 00:00:17]} 4. Nc3 {[%clk 01:31:37]} {[%emt 00:00:14]} e6
{[%clk 01:29:36]} {[%emt 00:02:06]} 5. e3 {[%clk 01:31:17]} {[%emt 00:00:50]}
Nbd7 {[%clk 01:29:59]} {[%emt 00:00:08]} 6. Bd3 {[%clk 01:30:49]} {[%emt
00:00:58]} dxc4 {[%clk 01:30:21]} {[%emt 00:00:08]} 7. Bxc4 {[%clk 01:31:12]}
{[%emt 00:00:06]} b5 {[%clk 01:30:28]} {[%emt 00:00:22]} 8. Bd3 {[%clk
01:31:33]} {[%emt 00:00:09]} a6 {[%clk 01:30:19]} {[%emt 00:00:40]} 9. O-O
{[%clk 01:27:01]} {[%emt 00:05:02]} Bb7 {[%clk 01:29:54]} {[%emt 00:00:55]} 10.
Qe2 {[%clk 01:24:58]} {[%emt 00:02:32]} c5 {[%clk 01:26:49]} {[%emt 00:03:36]}
11. Rd1 {[%clk 01:23:41]} {[%emt 00:01:47]} Bd6 {[%clk 01:21:38]} {[%emt
00:05:41]} 12. a4 {[%clk 01:18:24]} {[%emt 00:05:47]} c4 {[%clk 01:19:04]}
{[%emt 00:03:04]} 13. Bb1 {[%clk 01:15:24]} {[%emt 00:03:30]} b4 {[%clk
01:18:16]} {[%emt 00:01:17]} 14. Na2 {[%clk 01:14:30]} {[%emt 00:01:24]} Qc7
{[%clk 01:17:08]} {[%emt 00:01:38]} 15. e4 {[%clk 01:11:48]} {[%emt 00:03:13]}
e5 {[%clk 01:13:58]} {[%emt 00:03:40]} 16. dxe5 {[%clk 01:05:04]} {[%emt
00:07:14]} Nxe5 {[%clk 01:14:15]} {[%emt 00:00:13]} 17. Nxe5 {[%clk 01:03:28]}
{[%emt 00:02:05]} Bxe5 {[%clk 01:14:15]} {[%emt 00:00:31]} 18. Nxb4 {[%clk
01:00:32]} {[%emt 00:03:26]} Bxh2+ {[%clk 01:13:53]} {[%emt 00:00:53]} 19. Kh1
{[%clk 00:59:49]} {[%emt 00:01:12]} O-O {[%clk 01:13:26]} {[%emt 00:00:54]} 20.
g3 {[%clk 00:50:40]} {[%emt 00:09:41]} Bxg3 {[%clk 01:13:10]} {[%emt 00:00:47]}
21. fxg3 {[%clk 00:50:39]} {[%emt 00:00:31]} Qxg3 {[%clk 01:13:26]} {[%emt
00:00:13]} 22. Qg2 {[%clk 00:46:47]} {[%emt 00:04:23]} Qh4+ {[%clk 00:58:40]}
{[%emt 00:15:15]} 23. Qh2 {[%clk 00:39:48]} {[%emt 00:07:29]} Bxe4+ {[%clk
00:58:43]} {[%emt 00:00:29]} 24. Bxe4 {[%clk 00:39:23]} {[%emt 00:00:54]} Qxe4+
{[%clk 00:58:54]} {[%emt 00:00:20]} 25. Qg2 {[%clk 00:37:46]} {[%emt 00:02:06]}
Qh4+ {[%clk 00:58:41]} {[%emt 00:00:43]} 26. Qh2 {[%clk 00:33:32]} {[%emt
00:04:44]} Qe4+ {[%clk 00:58:57]} {[%emt 00:00:14]}  1/2-1/2

[Event "Storsjodraget 2022"]
[Site "Ostersund"]
[Date "2022.06.12"]
[Round "6"]
[Board "3"]
[White "Hart, Alexander"]
[Black "Roulet-Dubonnet, Emerik Vapenstad"]
[Result "0-1"]
[WhiteElo "2084"]
[BlackElo "2118"]
[PlyCount "0"]
[EventDate "2022.06.10"]
[EventRounds "7"]
[EventCountry "SWE"]

1. d4 {[%clk 01:30:58]} {[%emt 00:00:01]} e6 {[%clk 01:30:27]} {[%emt
00:00:33]} 2. c4 {[%clk 01:30:45]} {[%emt 00:00:44]} Nf6 {[%clk 01:30:45]}
{[%emt 00:00:11]} 3. Nc3 {[%clk 01:31:11]} {[%emt 00:00:05]} Bb4 {[%clk
01:31:03]} {[%emt 00:00:11]} 4. f3 {[%clk 01:31:37]} {[%emt 00:00:05]} c5
{[%clk 01:31:23]} {[%emt 00:00:10]} 5. d5 {[%clk 01:32:03]} {[%emt 00:00:04]}
b5 {[%clk 01:31:44]} {[%emt 00:00:08]} 6. e4 {[%clk 01:31:52]} {[%emt
00:00:41]} d6 {[%clk 01:32:07]} {[%emt 00:00:07]} 7. Nge2 {[%clk 01:29:06]}
{[%emt 00:03:16]} bxc4 {[%clk 01:32:28]} {[%emt 00:00:08]} 8. Nf4 {[%clk
01:28:39]} {[%emt 00:00:58]} e5 {[%clk 01:32:50]} {[%emt 00:00:08]} 9. Nfe2
{[%clk 01:28:54]} {[%emt 00:00:14]} Nbd7 {[%clk 01:33:14]} {[%emt 00:00:06]} 10.
Ng3 {[%clk 01:28:21]} {[%emt 00:01:03]} Nb6 {[%clk 01:33:36]} {[%emt 00:00:07]}
11. Be2 {[%clk 01:28:24]} {[%emt 00:00:27]} Ng8 {[%clk 01:33:58]} {[%emt
00:00:08]} 12. O-O {[%clk 01:27:57]} {[%emt 00:00:57]} Ne7 {[%clk 01:34:22]}
{[%emt 00:00:05]} 13. Na4 {[%clk 01:17:44]} {[%emt 00:10:44]} O-O {[%clk
01:28:42]} {[%emt 00:06:10]} 14. Nxb6 {[%clk 01:16:21]} {[%emt 00:01:54]} axb6
{[%clk 01:28:59]} {[%emt 00:00:12]} 15. Bxc4 {[%clk 01:16:36]} {[%emt
00:00:16]} Bd7 {[%clk 01:27:15]} {[%emt 00:02:13]} 16. f4 {[%clk 01:08:08]}
{[%emt 00:08:58]} exf4 {[%clk 01:22:05]} {[%emt 00:05:40]} 17. Bxf4 {[%clk
01:08:20]} {[%emt 00:00:18]} b5 {[%clk 01:22:29]} {[%emt 00:00:07]} 18. Be2
{[%clk 01:00:12]} {[%emt 00:08:38]} c4 {[%clk 01:22:15]} {[%emt 00:00:43]} 19.
Be3 {[%clk 00:57:15]} {[%emt 00:03:27]} Ng6 {[%clk 01:19:33]} {[%emt 00:03:11]}
20. a3 {[%clk 00:54:46]} {[%emt 00:03:00]} Ba5 {[%clk 01:19:52]} {[%emt
00:00:10]} 21. b4 {[%clk 00:54:44]} {[%emt 00:00:33]} Bb6 {[%clk 01:18:50]}
{[%emt 00:01:31]} 22. Bd4 {[%clk 00:53:58]} {[%emt 00:01:17]} Ne5 {[%clk
01:12:04]} {[%emt 00:07:16]} 23. Kh1 {[%clk 00:54:05]} {[%emt 00:00:24]} Bxd4
{[%clk 01:02:20]} {[%emt 00:10:14]} 24. Qxd4 {[%clk 00:54:19]} {[%emt
00:00:15]} Rb8 {[%clk 01:02:44]} {[%emt 00:00:06]} 25. Qc3 {[%clk 00:45:27]}
{[%emt 00:09:22]} Qh4 {[%clk 00:59:08]} {[%emt 00:04:05]} 26. Qe3 {[%clk
00:44:35]} {[%emt 00:01:23]} Rb7 {[%clk 00:53:20]} {[%emt 00:06:18]} 27. Bf3
{[%clk 00:35:47]} {[%emt 00:09:18]} h6 {[%clk 00:44:44]} {[%emt 00:09:04]} 28.
Ne2 {[%clk 00:32:45]} {[%emt 00:03:34]} Qg5 {[%clk 00:43:56]} {[%emt 00:01:17]}
29. Qc3 {[%clk 00:30:44]} {[%emt 00:02:31]} Nd3 {[%clk 00:42:09]} {[%emt
00:02:17]} 30. Nc1 {[%clk 00:23:31]} {[%emt 00:07:44]} Ne5 {[%clk 00:40:32]}
{[%emt 00:02:07]} 31. Ne2 {[%clk 00:23:41]} {[%emt 00:00:20]} Rc8 {[%clk
00:40:30]} {[%emt 00:00:32]} 32. Nd4 {[%clk 00:18:52]} {[%emt 00:05:19]} Qh4
{[%clk 00:36:11]} {[%emt 00:04:48]} 33. g3 {[%clk 00:15:46]} {[%emt 00:03:37]}
Qg5 {[%clk 00:35:17]} {[%emt 00:01:23]} 34. Bg2 {[%clk 00:14:19]} {[%emt
00:01:57]} Nd3 {[%clk 00:34:50]} {[%emt 00:00:57]} 35. Nc2 {[%clk 00:10:17]}
{[%emt 00:04:33]} Bg4 {[%clk 00:31:47]} {[%emt 00:03:32]} 36. Bf3 {[%clk
00:10:06]} {[%emt 00:00:43]} Re7 {[%clk 00:30:16]} {[%emt 00:02:01]} 37. Bg2
{[%clk 00:08:45]} {[%emt 00:01:51]} h5 {[%clk 00:29:27]} {[%emt 00:01:17]} 38.
h4 {[%clk 00:07:20]} {[%emt 00:01:56]} Qh6 {[%clk 00:29:03]} {[%emt 00:00:53]}
39. a4 {[%clk 00:05:00]} {[%emt 00:02:52]} Be2 {[%clk 00:21:00]} {[%emt
00:08:32]} 40. Rf5 {[%clk 00:04:49]} {[%emt 00:00:41]} bxa4 {[%clk 00:20:46]}
{[%emt 00:00:45]} 41. Rxa4 {[%clk 00:03:24]} {[%emt 00:01:55]} Qc1+ {[%clk
00:20:11]} {[%emt 00:01:04]} 42. Kh2 {[%clk 00:03:52]} {[%emt 00:00:02]} Bd1
{[%clk 00:19:15]} {[%emt 00:01:26]} 43. Ra2 {[%clk 00:02:43]} {[%emt 00:01:40]}
Qb1 {[%clk 00:17:06]} {[%emt 00:02:38]} 44. Rg5 {[%clk 00:01:54]} {[%emt
00:01:18]} Re5 {[%clk 00:15:38]} {[%emt 00:01:59]} 45. Rxe5 {[%clk 00:01:33]}
{[%emt 00:00:51]} dxe5 {[%clk 00:15:02]} {[%emt 00:01:06]} 46. Ne3 {[%clk
00:00:34]} {[%emt 00:01:29]} Qxa2 {[%clk 00:14:55]} {[%emt 00:00:37]} 47. Nxd1
{[%clk 00:01:02]} {[%emt 00:00:01]} Qe2 {[%clk 00:14:51]} {[%emt 00:00:34]} 48.
Qa1 {[%clk 00:01:05]} {[%emt 00:00:28]} Ne1 {[%clk 00:15:01]} {[%emt 00:00:19]}
0-1